| 000 | 01059nam0a22002291i 4500 | ||
|---|---|---|---|
| 001 | rc\3291114 | ||
| 005 | 20240723225450.0 | ||
| 021 |
_aRU _b[72-25431а] |
||
| 035 | _a(NLR Aleph) 007403387 | ||
| 090 |
_a6736911 _c6736911 |
||
| 100 | _a20130115d1972 |||y0rusy50 ca | ||
| 101 | 0 | _arus | |
| 102 | _aRU | ||
| 105 | _aa d ||||| | ||
| 200 | 1 |
_aИсследование пластинчатого конвейера в производственных условиях Джезказганского рудника _e(На примере рудников Джезказган. горнометаллург. комбината им. К.И. Сатпаева) _eАвтореф. дис. на соиск. учен. степени канд. техн. наук _e(15.02) _fКаз. политехн. ин-т им. В.И. Ленина |
|
| 210 |
_aАлма-Ата _d1972 |
||
| 215 |
_a20 с. _cчерт. |
||
| 700 | 1 |
_aШериев _bА.А. _gАнатолий Алиевич |
|
| 801 | 0 |
_aRU _bNLR _gpsbo |
|
| 801 | 1 |
_aRU _bELAR _2rusmarc |
|
| 852 |
_aNLR _j73-4/14733 |
||
| 942 | _cBOOK | ||